000 00669nam a2200229Ia 4500
001 8648
003 GE_BSU
008 181216s||||||||xx |||||||||||||| ||und||
040 _cGE_BSU
080 _a821.353.1-1
100 _aთათეიშვილი, გივი
245 _aღამე ზღვაზე
245 _bლექსები
245 _cრედ.:თეიმურაზ ჯანგულაშვილი
260 _aთბილისი.
260 _bმერანი
260 _c1986
300 _a76 გვ; 15 სმ.
653 _aლექსები
653 _aღამე ზღვაზე
942 _cBK
999 _c41964
_d41964